Central Library OPAC University of Rajshahi

Mathematics in industrial problems / (Record no. 66716)

MARC details
000 -LEADER
fixed length control field 00901nam a2200277 a 4500
001 - CONTROL NUMBER
control field 66716
003 - CONTROL NUMBER IDENTIFIER
rucl marc code BD-RjUL
005 - DATE AND TIME OF LATEST TRANSACTION
control field 20211209081554.0
008 - FIXED-LENGTH DATA ELEMENTS--GENERAL INFORMATION
fixed length control field 170319m1997 nyua b 001 0 eng d
020 ## - INTERNATIONAL STANDARD BOOK NUMBER
International Standard Book Number 0387968601 (v. 1)
International Standard Book Number 0387948651
035 ## - SYSTEM CONTROL NUMBER
System control number (BD-RjUL)66847
040 ## - CATALOGING SOURCE
Transcribing agency BD-RjUL
Modifying agency BD-RjUL
Language of cataloging eng
Original cataloging agency BD-RjUL
041 ## - LANGUAGE CODE
Language code of text/sound track or separate title eng
082 00 - DEWEY DECIMAL CLASSIFICATION NUMBER
Classification number 620.0042
Edition number 23
Author mark and year FRM 1997
100 1# - MAIN ENTRY--PERSONAL NAME
Personal name Friedman, Avner.
9 (RLIN) 197498
245 10 - TITLE STATEMENT
Title Mathematics in industrial problems /
Statement of responsibility, etc. Avner Friedman.
260 ## - PUBLICATION, DISTRIBUTION, ETC. (IMPRINT)
Place of publication, distribution, etc. New York :
Name of publisher, distributor, etc. Springer-Verlag,
Date of publication, distribution, etc. c1997
300 ## - PHYSICAL DESCRIPTION
Pagination v. :
Illustrations ill. ;
Size 25 cm.
490 1# - SERIES STATEMENT
Series statement The IMA volumes in mathematics and its applications ;
Volume/sequential designation v. 16
504 ## - BIBLIOGRAPHY, ETC. NOTE
Bibliography, etc Includes bibliographical references and indexes.
505 0# - FORMATTED CONTENTS NOTE
Formatted contents note Pt. 8 --
650 #0 - SUBJECT ADDED ENTRY--TOPICAL TERM
Topical term or geographic name as entry element Engineering mathematics.
9 (RLIN) 153176
830 #0 - SERIES ADDED ENTRY--UNIFORM TITLE
Uniform title IMA volumes in mathematics and its applications ;
Volume number/sequential designation v. 16, etc.
942 ## - ADDED ENTRY ELEMENTS (KOHA)
Source of classification or shelving scheme Dewey Decimal Classification
Koha item type Books
Holdings
Lost status Source of classification or shelving scheme Damaged status Not for loan Collection code Permanent Location Current Location Shelving location Date acquired Source of acquisition Cost, normal purchase price Total Checkouts Full call number Date last seen Copy number Koha item type
  Dewey Decimal Classification   Not For Loan Non-fiction Central Library, University of Rajshahi Central Library, University of Rajshahi Reading Room 30/08/2008 Dhaka, paragon Enterprises Ltd. 103.00   620.0042 FRM Pt-8 1997 19/03/2017 C-1 Books